Súpis knižných prírastkov odbornej literatúry za rok ...

Bibliographic Details
Other Authors: Filipová, Jana (Compiler)
Format: Serial
Language:Slovak
PhysicalDescription:zv. 30 cm
Published: Košice Fakultná nemocnica L. Pasteura-Oddelenie vedy, výskumu a lekárskej knižnice
Subjects:

MARC

LEADER 00000cas a2200000 a 4500
001 vtls001382664
003 SK-MaSNL
005 20260331203935.0
008 160401d1997200uxo ar| 0 0 0slo
015 |a SNBSAB1998-00074 (r. 1997)  |a SNBSAB1999-00092 (r. 1998)  |a SNBSAB2000-00097 (r. 1999)  |a SNBSAB2002-00006 (r. 2001) 
035 |a SNK000336717 
040 |a SNK  |b slo  |c SNK  |e AACR2 
041 0 |a slo 
044 |a xo  |c SK 
072 7 |a 61  |x Lekárske vedy. Medicína  |2 konspekt 
080 |a 61  |2 2011 
080 |a 017.092  |2 2011 
080 |a (083.8)  |2 2011 
080 |a (058)  |2 2011 
100 1 |a Filipová, Jana  |4 com  |9 266626 
245 1 0 |a Súpis knižných prírastkov odbornej literatúry za rok ...  |c [zostavila: Jana Filipová] 
260 |a Košice  |b Fakultná nemocnica L. Pasteura-Oddelenie vedy, výskumu a lekárskej knižnice 
300 |a zv.  |c 30 cm 
310 |a 1x ročne 
500 |a Súčasťou názvu je označenie bežného roku 
500 |a Údaj o zostavovateľke prevzatý z tiráže 
650 0 7 |a medicína  |2 SNKPH  |9 899 
650 0 7 |a prírastky knižničných fondov  |2 SNKPH  |9 63917 
650 0 7 |a Library additions  |2 SNKPHeng  |9 266627 
650 0 7 |a Medicine  |2 SNKPHeng  |9 266257 
655 7 |a súpisy  |2 SNKPH  |9 70480 
655 7 |a ročenky  |2 SNKPH  |9 57146 
655 7 |a Inventories  |2 SNKPHeng  |9 266628 
655 7 |a Yearbooks  |2 SNKPHeng  |9 120938 
710 2 |a Fakultná nemocnica L. Pasteura.  |b Oddelenie vedy, výskumu a lekárskej knižnice (Košice, Slovensko)  |4 pbl  |9 266629 
910 |a snk 
958 |a RG 
958 |a SF 
999 |c 2477  |d 4407 
952 |a SNK  |b SNK  |y PREZ  |7 0  |p 17A0228413  |o snkČSB 4975/1998  |i snkKSP 1930/2000  |0 0  |1 0  |4 0  |d 2000-02-11  |l 0  |r 2005-01-02 00:00:00  |w 2026-02-21 
952 |a SNK  |b SNK  |y PREZ  |7 0  |p 17A0264184  |o snkČSB 4975/1999  |i snkKSP 788/2001  |0 0  |1 0  |4 0  |d 2001-01-16  |l 0  |r 2005-01-02 00:00:00  |w 2026-02-21 
952 |a SNK  |b SNK  |y PREZ  |7 0  |p 17A0431327  |o snkČSB 4975/2002  |i snkPV 987/2004  |z Rok vydania: jan. 2003  |0 0  |1 0  |4 0  |d 2004-06-29  |l 0  |r 2005-01-02 00:00:00  |w 2026-02-21 
952 |a SNK  |b SNK  |y PREZ  |7 0  |p 17A0409010  |o snkČSB 4975/2001  |i snkKSP 2640/2002  |0 0  |1 0  |4 0  |d 2002-03-06  |l 0  |r 2005-01-02 00:00:00  |w 2026-02-21 
952 |a SNK  |b SNK  |y PREZ  |7 0  |p 17A0190289  |o snkČSB 4975/1997  |i snkKSP 2812/99  |z Rok vydania: febr. 1998  |0 0  |1 0  |4 0  |d 1999-03-16  |l 0  |r 2005-01-02 00:00:00  |w 2026-02-21